European Country Borders II - Statistics

General Stats
  • This quiz has been taken 6 times
  • The average score is 30 of 45
Answer Stats
Question Tile Select % Correct
Montenegro 1 No
100%
Lithuania 1 No
100%
Monaco 1 Yes
100%
Montenegro 2 No
100%
Monaco 2 No
100%
Monaco 3 No
100%
Monaco 4 No
100%
Monaco 5 No
100%
Montenegro 6 No
100%
Lithuania 6 No
100%
Monaco 6 No
100%
Montenegro 7 No
100%
Lithuania 7 No
100%
Monaco 7 No
100%
Montenegro 8 No
100%
Lithuania 8 No
100%
Monaco 8 No
100%
Montenegro 9 No
100%
Lithuania 9 No
100%
Monaco 9 No
100%
Montenegro 5 No
83%
Lithuania 5 No
83%
Lithuania 2 No
67%
Lithuania 4 No
67%
Switzerland 1 No
50%
Switzerland 2 No
50%
Montenegro 3 No
50%
Switzerland 4 No
50%
Switzerland 6 No
50%
Switzerland 7 No
50%
Switzerland 8 No
50%
Switzerland 9 No
50%
Norway 2 No
33%
Montenegro 4 Yes
33%
Norway 5 No
33%
Norway 6 No
33%
Norway 7 No
33%
Norway 8 No
33%
Norway 9 No
33%
Norway 1 No
17%
Lithuania 3 Yes
17%
Switzerland 3 No
17%
Norway 4 No
17%
Switzerland 5 Yes
17%
Norway 3 Yes
0%
No matching quizzes found
Score Distribution
Percent of People with Each Score
Percentile by Number Answered
Your Score History
You have not taken this quiz